| 000 -ლიდერი |
| ფიქსირებული სიგრძის საკონტროლო ველი |
01291nam a22002297a 4500 |
| 003 - საკონტროლო ნომრის იდენტიფიკატორი |
| საკონტროლო ველი |
Ge_BSU |
| 005 - ბოლო ოპერაციის თარიღი და დრო |
| საკონტროლო ველი |
20230411142728.0 |
| 008 - ფიქსირებული სიგრძის მონაცემთა ელემენტები - ზოგადი ინფორმაცია |
| ფიქსირებული სიგრძის საკონტროლო ველი |
230411s1992 ge ||||| |||| 00| 0 geo d |
| 020 ## - წიგნის საერთაშორისო სტანდარტული ნომერი |
| International Standard Book Number |
5520014280 |
| 041 ## - ენის კოდი |
| Language code of text/sound track or separate title |
geo |
| 080 ## - უნივერსალური ათობითი კლასიფიკაციის ინდექსი |
| Universal Decimal Classification number |
821.353.1(092რუსთაველი) + 330.8(479.22) ჩ-21 |
| 100 ## - მთავარი ჩანაწერი - პიროვნების სახელი |
| Personal name |
ჩანტლაძე, ვასილ |
| 9 (RLIN) |
4363 |
| 245 ## - ცნობა სათაურის შესახებ |
| Title |
შოთა რუსთაველის ეკონომიკური შეხედულებები / |
| Statement of responsibility, etc |
ვასილ ჩანტლაძე; საქ. მეცნ. აკად., პ. გუგუშვილის სახ. ეკონომიკის ინ-ტი. |
| 264 ## - წარმოების, გამოცემის, დისტრიბუციის და სხვა ცნობები |
| გამოცემის, წარმოების, დისტრიბუციის... ადგილი |
თბილისი : |
| გამოცემის, წარმოების, დისტრიბუციის... სახელწოდება |
მეცნიერება, |
| გამოცემის, წარმოების, დისტრიბუციის... თარიღი |
1992. |
| 300 ## - ფიზიკური აღწერა |
| Extent |
304გვ. ; |
| Other physical details |
20 სმ. |
| 504 ## - BIBLIOGRAPHY, ETC. NOTE |
| Bibliography, etc |
ბიბლიოგრ. ტექსტის შენიშვნ. |
| 520 ## - SUMMARY, ETC. |
| Summary, etc |
რეზიუმე ინგლ. და რუს ენაზე. |
| 653 ## - INDEX TERM--UNCONTROLLED |
| Uncontrolled term |
რუსთაველი, შოთა |
| 653 ## - INDEX TERM--UNCONTROLLED |
| Uncontrolled term |
ეკონომიკური შეხედულებები. |
| 710 ## - ADDED ENTRY--CORPORATE NAME |
| Corporate name or jurisdiction name as entry element |
საქ. მეცნ. აკადემია |
| Subordinate unit |
პ. გუგუშვილის სახ. ეკონომიკის ინ-ტი. |
| 9 (RLIN) |
17619 |
| 942 ## - ADDED ENTRY ELEMENTS (KOHA) |
| Source of classification or shelving scheme |
|
| Koha item type |
წიგნი |